000 01707nam0a2200325 4500
001 RU\NLR\BIBL_A\012611974
005 20250624085237.0
035 _a(NLR Aleph) 012611974
090 _a12612626
_c12612626
100 _a20211006d1894 |||y0rusy50 ca
101 0 _arus
102 _aRU
105 _ay z 000yy
181 0 _ai
_baxxe
182 0 _an
200 1 _aРасписание занятий в течение зимы 1893-1894 года
_fЖенская практическая школа сельского хозяйства и домоводства М.Н. Мариуц-Гриневой в с. Зазулинцах
203 _aТекст
_bвизуальный
_cнепосредственный
210 _aКиев
_cТипография Г.Т. Корчак-Новицкого
_d1894
215 _a10 с.
_d21
517 1 _aРосписание занятий в течение зимы 1893-1894 года
601 0 2 _aЖенская практическая школа сельского хозяйства и домоводства М. Н. Мариуца-Гриневой
_cЗозулинцы, село; Бердичевский уезд
_xРасписание занятий
_92491946
_3RU\NLR\AUTH\6601694567
686 3 _aЧ468.84(28)7
686 3 _aЧ468.814.44
710 0 2 _aЖенская практическая школа сельского хозяйства и домоводства М. Н. Мариуца-Гриневой
_cс. Зозулинцы, Бердичевский уезд
_9772186
_3RU\NLR\AUTH\880552925
852 _aNLR
_j18.268.4.303
942 _cBOOK
980 _aNB